| 000 | 01830cad a22002295a 4500 | ||
|---|---|---|---|
| 001 | L145267 | ||
| 008 | 110419s20080916xxk f 000 0 eng d | ||
| 035 | _a(Sirsi) u145267 | ||
| 041 | 0 | _aeng | |
| 050 | 0 | 4 | _a711.1 $2 18 |
| 110 | 2 |
_aBritish Property Federation _91604 |
|
| 245 | 0 | 0 |
_aPlanning manifesto _bmaking planning work _h[electronic resource] |
| 260 |
_aLondon _bBPF _c2008 |
||
| 505 | 2 | _aThe issues: resources; skills; process -- Our recommendations: improve recruitment and retention; let planners get on with planning; outsource mainstream planning functions; accept property industry funding for planning resources; make councillor training mandatory; pool resources; incentivise local authorities to promote development; use tax increment financing to fund infrastructure; reduce information required to support planning applications; speed up the contribution from stautory consultees; improve and incentivise pre-application discussions; planning appeals should concentrate on the reasons for refusal -- What the BPF will do | |
| 520 | _aThis note offers advice for reforms to the existing planning system, suggesting that the government has not been receptive to calls for wholescale changes to the legislative framework as it stands. Promotes a range of key topics where the current system could be reformed and offers to support such change with the provision of information, as well as the engagement of the British Property Federation with a wide range of stakeholders in any consultative process. | ||
| 521 | _aAdvanced | ||
| 590 | _aKA | ||
| 651 | 4 |
_aEngland and Wales _y1543- |
|
| 690 |
_aPlanning and development _96259 |
||
| 856 | 4 | 0 |
_uhttps://www.bpf.org.uk/en/files/bpf_documents/planning/Planning_Manifesto_2008_-_A4_Final.pdf _zView the item free of charge online at www.bpf.org.uk |
| 942 | _n0 | ||
| 999 |
_c108739 _d108739 |
||